| 000 | 00452cam a2200169ua 4500 | ||
|---|---|---|---|
| 003 | OSt | ||
| 008 | 250802b |||||||| |||| 00| 0 eng d | ||
| 020 | _a81-8336-256-4 | ||
| 041 | _aeng | ||
| 082 |
_a627 _bNIG/WA |
||
| 100 |
_aNigam, P S . _97661 |
||
| 245 | _aWater resources development and planning, Vol 1 / | ||
| 250 | _a1 / | ||
| 260 |
_aNew Delhi : _bCentral Board of Irrigation and Power (CBIP) , _c1995. |
||
| 300 | _a288 ; . | ||
| 942 | _cBK | ||
| 999 |
_c5733 _d5733 |
||